| 000 -LEADER |
| fixed length control field |
00825cam a2200229 i 4500 |
| 003 - CONTROL NUMBER IDENTIFIER |
| control field |
OSt |
| 005 - DATE AND TIME OF LATEST TRANSACTION |
| control field |
20240802134310.0 |
| 008 - FIXED-LENGTH DATA ELEMENTS--GENERAL INFORMATION |
| fixed length control field |
191218r20182007maua b 001 0 eng |
| 020 ## - INTERNATIONAL STANDARD BOOK NUMBER |
| International Standard Book Number |
9781631593802 |
| 040 ## - CATALOGING SOURCE |
| Original cataloging agency |
DLC |
| Language of cataloging |
eng |
| Description conventions |
rda |
| Transcribing agency |
DLC |
| Modifying agency |
DLC |
| 042 ## - AUTHENTICATION CODE |
| Authentication code |
pcc |
| 082 00 - DEWEY DECIMAL CLASSIFICATION NUMBER |
| Classification number |
747 |
| Edition number |
23 |
| 100 1# - MAIN ENTRY--PERSONAL NAME |
| Personal name |
Grimley, Chris, |
| Relator term |
author. |
| 245 14 - TITLE STATEMENT |
| Title |
The interior design reference + specification book : |
| Remainder of title |
everything interior designers need to know every day / |
| Statement of responsibility, etc |
Chris Grimley + Mimi Love. |
| 246 3# - VARYING FORM OF TITLE |
| Title proper/short title |
Interior design reference plus specification book |
| 250 ## - EDITION STATEMENT |
| Edition statement |
Updated + revised. |
| 300 ## - PHYSICAL DESCRIPTION |
| Extent |
287 pages : |
| Other physical details |
illustrations (some color) ; |
| Dimensions |
21 cm |
| 504 ## - BIBLIOGRAPHY, ETC. NOTE |
| Bibliography, etc |
Includes bibliographical references (pages 271-274) and index. |
| 650 #0 - SUBJECT ADDED ENTRY--TOPICAL TERM |
| Topical term or geographic name as entry element |
Interior decoration |
| Form subdivision |
Handbooks, manuals, etc. |
| 700 1# - ADDED ENTRY--PERSONAL NAME |
| Personal name |
Love, Mimi, |
| Relator term |
author. |
| 942 ## - ADDED ENTRY ELEMENTS (KOHA) |
| Source of classification or shelving scheme |
|